Dorminhocos / Pierre Verger (Record no. 1798)

MARC details
000 -LEADER
campo de control de longitud fija 00521nam a22001457a 4500
008 - DATOS DE LONGITUD FIJA--INFORMACIÓN GENERAL
campo de control de longitud fija 190601b xxu||||| |||| 00| 0 eng d
020 ## - NÚMERO INTERNACIONAL ESTÁNDAR DEL LIBRO
Número Internacional Estándar del Libro 9788565710145
082 ## - NÚMERO DE LA CLASIFICACIÓN DECIMAL DEWEY
Número de clasificación 779.092
Número de ítem V496d
100 ## - ENTRADA PRINCIPAL--NOMBRE DE PERSONA
Nombre de persona Verger, Pierre
9 (RLIN) 7063
245 ## - MENCIÓN DEL TÍTULO
Título Dorminhocos / Pierre Verger
260 ## - PUBLICACIÓN, DISTRIBUCIÓN, ETC.
Lugar de publicación, distribución, etc. Rio de Janeiro
Nombre del editor, distribuidor, etc. Tisara
Fecha de publicación, distribución, etc. 2018
300 ## - DESCRIPCIÓN FÍSICA
Extensión 116 p.
Otras características físicas il.
Dimensiones 27 x 28 cm
650 ## - PUNTO DE ACCESO ADICIONAL DE MATERIA--TÉRMINO DE MATERIA
Fuente del encabezamiento o término Arte Contemporáneo
Subdivisión de forma Arte - Exhibiciones
Subdivisión general Arte - Fotografía
-- Arte - Etnología
-- Arte - Catálogo de Exhibiciones
9 (RLIN) 7064
700 ## - ENTRADA AGREGADA--NOMBRE PERSONAL
Nombre de persona Rafael Fonseca (curador)
9 (RLIN) 7065
Holdings
Estatus retirado Estado de pérdida Fuente del sistema de clasificación o colocación Estado de daño No para préstamo Biblioteca de origen Biblioteca actual Ubicación en estantería Fecha de adquisición Total de préstamos Signatura topográfica completa Código de barras Visto por última vez Precio de reemplazo Tipo de ítem Koha
    Clasificación Decimal Dewey     Biblioteca LadoV Biblioteca LadoV   01/06/2019   779.092 V496d 004787 01/06/2019 01/06/2019 Material 01